000 00575ntaaa2200217 4500
003 01
005 20251027202836.0
008 0714s1973 ag 01
020 _a8476452527
040 _aAR-BaBN
_bspa
_cAR-BaBN
_eaacr
_dRIC
082 _a268.6350 B74t
100 _aBreithaupt, Patricia
_929012
245 _aTíteres en la educación cristiana
250 _a1 ed.
260 _aTerrassa :
_bClie,
_c1988
300 _a186 p ;
_cfotos, ilu. : 20 cm
500 _aContiene diseños de moldes
650 _atíteres
650 _aeducación cristiana
_9405
942 _cBK
999 _c23803
_d23803